LEADER 00837nam0 2200241 450 001 000023911 005 20090304151107.0 100 $a20090304d1977----km-y0itay50------ba 101 1 $aita$cger 102 $aIT 105 $ay-------001yy 200 1 $a<>stato nel capitalismo maturo$fClaus Offe$gtraduzione di Reinhard Schmidt e Danilo Zolo$gintroduzione di Danilo Zolo 210 $aMilano$cEtaslibri$d1977 215 $a239 p.$d21 cm 500 10$aStrukturprobleme des kapitalistischen Staates$m$912490 610 1 $aCapitalismo 676 $a320.101$v20$9Stato. Filosofia e teoria 700 1$aOffe,$bClaus$0119350 801 0$aIT$bUNIPARTHENOPE$c20090304$gRICA$2UNIMARC 912 $a000023911 951 $a051/38$b5378$cNAVA2 996 $aStrukturprobleme des kapitalistischen Staates$912490 997 $aUNIPARTHENOPE